[Event "ICS Rated blitz match"]
[Site "207.99.83.227"]
[Date "1999.04.13"]
[Round "?"]
[White "Beadle"]
[Black "Hossa"]
[Result "1-0"]
[WhiteElo "2431"]
[BlackElo "2459"]
[Annotator "Crafty v16.6"]
[PlyCount "104"]

{annotating for player Hossa using a scoring margin of +0.10 pawns. search
time limit is 20.00} 1. d4 1... Nf6 2. Nf3 e6 3. c4 Be7 4. Nc3 O-O 5. Bg5 d5 6.
e3 Nbd7 7. Bd3 dxc4 8. Bxc4 c5 ({9:-0.25} 8... c5 9. dxc5 Nxc5 10. O-O Nfd7 11.
Bxe7 Qxe7 12. Qd4 Nb6 13. Rad1 Nxc4 14. Qxc4 $10) ({9:+0.08} 8... Nb6 9. Bd3
Nfd5 10. Nxd5 exd5 11. Bxe7 Qxe7 12. O-O Bg4 13. Rc1 13... Rae8 $10) 9. Bd3
cxd4 10. Nxd4 Qb6 ({8:+0.29} 10... Qb6 11. Nb3 Ne5 12. O-O Nxd3 13. Qxd3 Rd8
14. Qc4 14... Qd6 $10) ({8:+0.52} 10... Nc5 11. Bc4 e5 12. Nde2 Qb6 13. O-O
Qxb2 14. Rc1 $15) 11. Rb1 Qc5 ({8:-0.01} 11... Qc5 12. Bh4 Rd8 13. O-O Ne5 14.
Ne4 Nxe4 15. Bxe7 Qxe7 16. Bxe4 $10) ({8:+0.12} 11... Bb4 12. O-O Qa5 13. Bxf6
Nxf6 14. Ndb5 Qd8 15. Rc1 15... Bd7 $10) 12. Bxf6 Nxf6 13. Qd2 e5 14. b4 Qb6
15. Nf3 Bd6 ({10:+0.21} 15... Bd6 16. Ne4 Nxe4 17. Bxe4 a5 18. O-O Bxb4 19.
Nxe5 Rd8 20. Qe2 20... Qd6 $10) ({10:+1.04} 15... Bxb4 16. a3 Bxc3 17. Qxc3 Qd6
18. Nxe5 Nd5 19. Qd4 Re8 20. Nc4 20... Qe6 $17) 16. Na4 Qc6 17. b5 Qc7 18. Ng5
h6 19. Ne4 Nxe4 20. Bxe4 Qc4 21. f3 Qxa4 ({9:+0.60} 21... Qxa4 22. Qxd6 Qxa2
23. O-O Re8 24. Rfe1 Qe6 25. Qxe6 Rxe6 26. Kf2 $15) ({9:+1.16} 21... Be7 22.
Qc2 Bh4+ 23. g3 Qxc2 24. Bxc2 Bg5 25. Kf2 Bh3 26. Be4 26... Rab8 $17) 22. Qxd6
Qxa2 23. O-O Re8 24. Rfc1 Qe2 25. Qc5 Qd2 26. Rd1 Qe2 ({9:-1.08} 26... Qe2 27.
Bd3 b6 28. Qc1 Qa2 29. Be4 Rb8 30. Qc7 Be6 31. Qxe5 $16) ({9:-0.30} 26... Qa2
$10) 27. Qc3 Qa2 ({10:-0.79} 27... Qa2 28. Qxe5 Bh3 29. Rb2 Qa4 30. Qd5 Be6 31.
Qd3 Bc4 32. Qd7 32... Re5 $16) ({10:-0.27} 27... Be6 28. Re1 Qc4 29. Qxe5 Rad8
30. Qh5 Rd2 31. Bxb7 Qc2 32. f4 $10) 28. Qxe5 Bh3 29. Qb2 Qxb2 30. Rxb2 Bc8 31.
Rc2 f5 32. Bd5+ Kh8 33. Kf2 a6 34. bxa6 Rxa6 35. Rb1 b6 36. Bc4 Ra7 37. Rxb6
Rd8 38. Rc6 Ra1 39. Rc5 Rh1 40. Rb2 Kh7 41. Rb8 Rd2+ 42. Kg3 f4+ 43. exf4 Rg1
44. Rcxc8 Rgxg2+ 45. Kh3 Rxh2+ 46. Kg4 Rhg2+ 47. Kf5 g6+ 48. Ke5 Rge2+ 49. Bxe2
Rd7 50. Rh8+ Kg7 51. Bc4 Re7+ 52. Be6 Re8 1-0

[Event "ICS Rated blitz match"]
[Site "207.99.83.227"]
[Date "1999.04.13"]
[Round "?"]
[White "Hossa"]
[Black "TDChess"]
[Result "0-1"]
[WhiteElo "2442"]
[BlackElo "2596"]
[Annotator "Crafty v16.6"]
[PlyCount "99"]

{annotating for player Hossa using a scoring margin of +0.10 pawns. search
time limit is 20.00} 1. e4 1... e6 2. Nf3 d5 3. Nc3 ({9:+0.11} 3. Nc3 3... d4
4. Nb5 Bc5 5. b4 Bxb4 6. Nfxd4 Nf6 7. Rb1 $10) ({9:+0.82} 3. exd5 3... Qxd5 4.
Nc3 Qc5 5. Be2 Nf6 6. O-O Nbd7 7. Bb5 7... Bd6 $16) 3... Nf6 4. e5 ({8:-0.09} 
4. e5 4... Nfd7 5. Bb5 c6 6. Be2 Bc5 7. O-O 7... O-O $10) ({8:+0.21} 4. exd5
4... exd5 5. Be2 Bd6 6. O-O O-O 7. Re1 Nc6 8. Ng5 $10) 4... Ne4 5. Bd3 Nxc3 6.
dxc3 Be7 7. O-O O-O 8. Bf4 Nc6 9. Nd4 Bd7 10. Qh5 g6 11. Qh6 ({9:+0.19} 11. Qh6
11... Re8 12. Qh3 Bg5 13. Nxc6 Bxc6 14. Qg4 Bxf4 15. Qxf4 Qe7 16. Qh6 $10) ({
9:+0.38} 11. Qg4 11... Re8 12. Rad1 Rc8 13. Nxc6 Bxc6 14. Bh6 Bf8 15. Qf4 15...
Bxh6 $14) 11... Kh8 12. Rad1 ({10:+0.36} 12. Rad1 12... Nxd4 13. cxd4 Re8 14.
Qh3 Bg5 15. Qe3 Bxf4 16. Qxf4 Kg8 17. Qh6 17... Qe7 $14) ({10:+0.65} 12. Nf3
12... Rg8 13. Ng5 Rg7 14. Rad1 Bf8 15. c4 d4 16. Be4 16... Kg8 $14) 12... Nxd4
13. cxd4 c5 14. dxc5 Qa5 15. a3 ({8:+0.87} 15. a3 15... Qxc5 16. c4 Ba4 17. b4
Qc7 18. Rc1 18... d4 $16) ({8:+0.99} 15. Be3 15... Qxa2 16. Bd4 Qa4 17. c3 Qa2
18. Rd2 18... f5 $16) 15... Qxc5 16. c4 ({8:+0.59} 16. c4 16... Rfc8 17. b4 Qc7
18. cxd5 Bf8 19. Qg5 19... exd5 $14) ({8:+0.85} 16. Rfe1 16... Rfe8 17. Be3 Bf8
18. Qh3 d4 19. Bh6 19... Qd5 $16) 16... Ba4 17. b4 Qb6 18. Rd2 Qc6 19. cxd5
exd5 20. Re2 Qe6 21. Re3 Rg8 22. Rh3 Rg7 23. Rc1 Rc8 24. Rxc8+ Qxc8 25. Bd2 Bd7
26. Rf3 ({9:+0.25} 26. Rf3 26... Bg4 27. Rf4 g5 28. Rd4 Qe6 29. Qxe6 Bxe6 30.
f4 30... f6 $10) ({9:+0.37} 26. Rg3 26... Bf5 27. Bf1 Qe6 28. Bc3 Bf8 29. Bd4
Rg8 30. Qg5 $14) 26... g5 27. h3 ({8:+0.11} 27. h3 27... Qc7 28. Re3 g4 29. h4
Qc6 30. Qh5 30... Qe6 $10) ({8:+0.34} 27. Rg3 27... Bf5 28. Qh5 Bxd3 29. Rxd3
Qf5 30. Qf3 Qxf3 31. gxf3 g4 32. Rxd5 32... gxf3+ $14) 27... Qc7 28. Re3 g4 29.
h4 Qd8 30. Bc3 ({9:-0.58} 30. Bc3 30... Be6 31. Bd4 Bxh4 32. f4 gxf3 33. Rxf3
Qg5 34. Qxg5 Rxg5 35. Rf6 $15) ({9:+0.15} 30. g3 30... Bc6 31. e6 d4 32. Re5
fxe6 33. Qxe6 Qd7 34. Qxd7 Bxd7 35. Kg2 $10) 30... Be6 31. Bd4 Bxh4 32. Re1 Bg5
33. Qh1 Qe8 34. b5 Qd8 35. Rd1 g3 36. f3 Qa5 37. b6 a6 38. Qh5 Qa4 39. Be2 Qxa3
40. Kf1 Qb3 41. Bc5 Bd7 42. Rd3 Qc2 43. Rxd5 Qc1+ 44. Bd1 Qc4+ 45. Be2 Qxd5 46.
Qxg5 Rxg5 47. Be3 Qa2 48. Bd3 Rh5 49. Ke1 Rh1+ 50. Bf1 0-1

[Event "ICS Rated blitz match"]
[Site "207.99.83.227"]
[Date "1999.04.13"]
[Round "?"]
[White "Hossa"]
[Black "blunite"]
[Result "1-0"]
[WhiteElo "2433"]
[BlackElo "2247"]
[PlyCount "47"]

1. e4 e5 2. Nf3 Nc6 3. Bc4 Nf6 4. Ng5 Bc5 5. Nxf7 Bxf2+ 6. Kf1 Qe7 7. Nxh8 d5
8. exd5 Nd4 9. d6 cxd6 10. d3 Bg4 11. Qd2 Bh4 12. h3 Be2+ 13. Kg1 O-O-O 14. Nf7
Nh5 15. Bd5 Qf6 16. Qe3 Bg3 17. Nd2 Bf4 18. Qf2 Ng3 19. Ne4 Bd1 20. Nxf6 Nde2+
21. Qxe2 Nxe2+ 22. Kf2 Bg3+ 23. Kf3 gxf6 24. Rxd1 {blunite resigns} 1-0

[Event "ICS Rated blitz match"]
[Site "207.99.83.227"]
[Date "1999.04.13"]
[Round "?"]
[White "suha"]
[Black "Hossa"]
[Result "0-1"]
[WhiteElo "2404"]
[BlackElo "2441"]
[PlyCount "54"]

1. e4 d6 2. d4 Nd7 3. Nf3 e5 4. dxe5 dxe5 5. Bc4 Bc5 6. O-O Ngf6 7. Nc3 c6 8.
a4 O-O 9. Qe2 Qe7 10. Bg5 Nb6 11. Bb3 Rd8 12. h3 Bb4 13. Qe3 Be6 14. Na2 Bd6
15. Nd2 Bc5 16. Qg3 Bd4 17. Rab1 Nxa4 18. Nf3 Bxb3 19. cxb3 Nc5 20. Nxd4 Rxd4
21. f3 Nxb3 22. Be3 Nd2 23. Bxd4 exd4 24. b4 a5 25. b5 Nxf1 26. Kxf1 Qa3 27.
Qf2 27... Qd3+ {suha resigns} 0-1

[Event "ICS Rated bullet match"]
[Site "207.99.83.227"]
[Date "1999.04.13"]
[Round "?"]
[White "JSBach"]
[Black "Hossa"]
[Result "0-1"]
[WhiteElo "2053"]
[BlackElo "2472"]
[PlyCount "62"]

1. e4 e5 2. Nc3 Nf6 3. Nf3 Bb4 4. Nxe5 d6 5. Nc4 Be6 6. Qf3 Bg4 7. Qe3 O-O 8.
Be2 Bxe2 9. Nxe2 Nc6 10. c3 d5 11. cxb4 dxc4 12. b5 Nb4 13. Kd1 Ng4 14. Qg3 Qd3
15. Rg1 Qc2+ 16. Ke1 Nd3+ 17. Qxd3 Qxd3 18. h3 Qxe4 19. f3 Qd3 20. fxg4 Rfe8
21. Kd1 Qxe2+ 22. Kc2 Qe4+ 23. Kc3 a5 24. bxa6 c5 25. b4 Qd4+ 26. Kc2 Qxa1 27.
a3 cxb4 28. axb4 Qd4 29. Rh1 Qd3+ 30. Kb2 Rxa6 31. g5 31... Qb3# {
JSBach checkmated} 0-1

[Event "ICS rated blitz match"]
[Site "207.99.83.227"]
[Date "1999.04.13"]
[Round "?"]
[White "Hossa"]
[Black "blunite"]
[Result "1-0"]
[WhiteElo "2455"]
[BlackElo "2233"]
[PlyCount "73"]

1. e4 e5 2. Nf3 Nc6 3. Bb5 a6 4. Ba4 Nf6 5. Qe2 b5 6. Bb3 Be7 7. O-O O-O 8. d3
d6 9. Be3 Bg4 10. Nc3 Qd7 11. Nd5 Rae8 12. Nxe7+ Rxe7 13. c3 Nd8 14. Bg5 Nh5
15. Bxe7 Qxe7 16. d4 Nf4 17. Qe3 Kh8 18. dxe5 dxe5 19. Rad1 f6 20. c4 Nf7 21.
cxb5 axb5 22. Rd2 g6 23. Rc1 Nd6 24. Rdc2 Qg7 25. Rxc7 Qh6 26. R7c6 Nc4 27.
Bxc4 bxc4 28. R6xc4 Qh5 29. Qa3 Rf7 30. Kh1 Nh3 31. Rc7 Nxf2+ 32. Kg1 Nh3+ 33.
gxh3 Bxf3 34. Qa8+ Kg7 35. Rxf7+ Kh6 36. Qf8+ Kg5 37. Qh8 {blunite resigns} 1-0

[Event "ICS rated blitz match"]
[Site "207.99.83.227"]
[Date "1999.04.13"]
[Round "?"]
[White "ColonialPast"]
[Black "Hossa"]
[Result "0-1"]
[WhiteElo "2186"]
[BlackElo "2462"]
[PlyCount "40"]

1. e4 c5 2. Nf3 Nc6 3. d4 cxd4 4. Nxd4 Qb6 5. Nxc6 bxc6 6. Bd3 g6 7. O-O Bg7 8.
Nd2 Rb8 9. Nc4 Qc7 10. c3 d5 11. Nd2 Nf6 12. f4 O-O 13. e5 Ng4 14. Qe2 g5 15.
f5 Nxe5 16. Bc2 Qb6+ 17. Kh1 Ba6 18. Qh5 Bxf1 19. f6 Ng6 20. fxg7 20... Bxg2+ {
ColonialPast resigns} 0-1

[Event "ICS rated blitz match"]
[Site "207.99.83.227"]
[Date "1999.04.13"]
[Round "?"]
[White "Hossa"]
[Black "ColonialPast"]
[Result "1-0"]
[WhiteElo "2467"]
[BlackElo "2181"]
[PlyCount "59"]

1. e4 c6 2. Nc3 d5 3. exd5 cxd5 4. Nf3 Nf6 5. Bb5+ Bd7 6. O-O e6 7. Ne5 Bd6 8.
d4 a6 9. Bd3 Nc6 10. Bf4 Qc7 11. Re1 O-O 12. Kh1 h6 13. Nxd7 Qxd7 14. Be5 Qe7
15. a3 Nd7 16. Nxd5 exd5 17. Bxg7 Qh4 18. g3 Qg5 19. Bxf8 Rxf8 20. c3 Nf6 21.
Qf3 h5 22. Re3 Ng4 23. Re2 Kg7 24. Rae1 h4 25. h3 hxg3 26. hxg4 Rh8+ 27. Kg2
Qh4 28. fxg3 Qh2+ 29. Kf1 Bxg3 30. Rxh2 {ColonialPast resigns} 1-0

[Event "ICS rated blitz match"]
[Site "207.99.83.227"]
[Date "1999.04.13"]
[Round "?"]
[White "ColonialPast"]
[Black "Hossa"]
[Result "0-1"]
[WhiteElo "2176"]
[BlackElo "2472"]
[Annotator "Fritz 5.32 (15s)"]
[PlyCount "22"]

1. e4 c5 2. Nf3 Nc6 3. d4 cxd4 4. Nxd4 Qb6 5. Nxc6 bxc6 6. b3 (6. Nc3 d6 7. Bd3
Nf6 8. O-O e6 9. Ne2 Be7 10. Ng3 O-O 11. b3 a5 12. Bb2 a4 13. e5 dxe5 14. Bxe5
Ba6 15. c4 Rfd8 16. Qc2 axb3 17. axb3 h6 18. h3 Bb7 19. Rxa8 Bxa8 20. Ra1 20...
Bb7 {Perenyi,B-Gruenberg,H/Leipzig 1988/0-1 (56)}) (6. Bd3 g6 7. Nc3 Bg7 8. Bd2
d6 9. Qe2 Nf6 10. h3 Qxb2 11. Rb1 Qa3 12. e5 dxe5 13. Qxe5 O-O 14. Ne4 Qxa2 15.
O-O Nxe4 16. Qxe4 Bf5 17. Qf3 Bxd3 18. Qxd3 Rfd8 19. Qg3 Rxd2 20. Rb7 20... Qe6
{Palma,L-Queirolo,M/Esucomex, Santiago CHI 1998/0-1 (34)}) 6... Nf6 {
Schwarz ergreift die Initiative} 7. Bd3 7... d5 $146 (7... e6 8. Bb2 Be7 9. Nd2
d5 10. O-O O-O 11. exd5 cxd5 12. Nf3 Ba6 13. h3 Rac8 14. Rc1 Ne4 15. Bxa6 Qxa6
16. a4 Nc3 17. Bxc3 Rxc3 18. Qd2 Rfc8 19. Nd4 Bf6 20. Nb5 R3c6 21. Kh1 Bb2 22.
Rcd1 {Gaudron,F-Markova,K/San Lourenco (Brasil) 1995/ - (69)}) 8. e5 $17 (8.
exd5 $5 $142 {ist nicht von der Hand zu weisen} 8... cxd5 9. Bb2 $11) 8... Qd4
9. c3 Qxe5+ 10. Be3 $19 (10. Be2 10... Ba6 $17) 10... Ng4 11. O-O $4 {
auch bessere Zuege haetten die Partie nicht gerettet.} (11. Qf3 $19 $142) 11...
Qxh2# 0-1

[Event "ICS Rated blitz match"]
[Site "207.99.83.227"]
[Date "1999.04.13"]
[Round "?"]
[White "Hossa"]
[Black "sombra"]
[Result "0-1"]
[WhiteElo "2477"]
[BlackElo "2329"]
[Annotator "Crafty v16.6"]
[PlyCount "174"]

{annotating for player Hossa using a scoring margin of +0.10 pawns. search
time limit is 20.00} 1. e4 1... d6 2. d4 Nf6 3. Bd3 ({9:-0.02} 3. Bd3 3... Nc6
4. Ne2 Bg4 5. f3 Bh5 6. O-O Nb4 7. Bc4 $10) ({9:+0.16} 3. Nc3 3... Nc6 4. Nf3
d5 5. exd5 Nxd5 6. Nxd5 Qxd5 7. Be2 Nb4 8. Bf4 $10) 3... c6 4. Nf3 Nbd7 5. O-O
e5 6. dxe5 ({8:+0.40} 6. dxe5 6... Nxe5 7. Nxe5 dxe5 8. Nd2 Bd6 9. Nc4 O-O 10.
Nxd6 Qxd6 11. Bg5 $14) ({8:+0.56} 6. Qd2 6... exd4 7. Nxd4 Nc5 8. Nc3 Bg4 9.
Nf5 Nxd3 10. Qxd3 10... Rc8 $14) 6... dxe5 7. Be3 ({9:+0.14} 7. Be3 7... Be7 8.
Bg5 O-O 9. Nc3 Ng4 10. Qd2 Bxg5 11. Qxg5 Qxg5 12. Nxg5 $10) ({9:+0.30} 7. Nbd2
7... Bc5 8. Nc4 Qe7 9. Qd2 O-O 10. Qg5 Re8 11. Rd1 $10) 7... Be7 8. Nc3 O-O 9.
Qe1 Qc7 10. Rd1 b5 11. a4 a6 12. Kh1 ({8:-0.41} 12. Kh1 12... Nc5 13. Ng5 Nxd3
14. Rxd3 h6 15. Nf3 bxa4 16. Kg1 $15) ({8:-0.23} 12. Bg5 12... Nc5 13. b3 Rd8
14. Qe3 Nxd3 15. Rxd3 Rxd3 16. Qxd3 16... Qd6 $10) 12... Bb7 13. Ng5 ({8:-0.39
} 13. Ng5 13... Nc5 14. Kg1 Nxd3 15. cxd3 Rad8 16. Qd2 Ng4 17. Rfe1 $15) ({
8:-0.25} 13. Nh4 13... Rfd8 14. Nf5 Nc5 15. Nxe7+ Qxe7 16. Kg1 Nxd3 17. cxd3 b4
18. Ne2 $10) 13... h6 14. Nf3 Rfe8 15. Qd2 Bf8 16. Qe2 Rad8 17. axb5 ({8:-0.52
} 17. axb5 17... cxb5 18. Nh4 Nc5 19. Bxc5 Qxc5 20. Nb1 Qb4 21. c3 21... Qd6
$15) ({8:-0.38} 17. Nh4 17... Nc5 18. Bxc5 Bxc5 19. axb5 cxb5 20. Nf5 Bd4 21.
Qe1 21... Bxc3 $15) 17... cxb5 18. Nh4 Nc5 19. Bxc5 Bxc5 20. Nb1 Bd4 21. c3 Bc5
22. Nd2 Bf8 23. Nf5 g6 24. Ng3 Nd7 25. Nb3 Nc5 26. Nxc5 Qxc5 27. Qg4 Bg7 28. f4
({9:-0.59} 28. f4 28... Qe3 29. Rf3 Bc8 30. Qh4 Qc5 31. f5 Rf8 32. fxg6 32...
fxg6 $15) ({9:-0.26} 28. Kg1 28... Bc8 29. Qe2 Be6 30. Rd2 Rd6 31. Rfd1 Red8
32. Qf3 $10) 28... exf4 29. Qxf4 Rf8 30. Rd2 Qe5 31. Qg4 Qg5 32. Qxg5 hxg5 33.
Rfd1 Be5 34. Nf1 Bf4 35. Re2 Rd7 36. Bc2 Rxd1 37. Bxd1 Rd8 38. Bc2 Kg7 39. Rf2
Bc1 40. Bb3 Rd7 41. e5 Re7 42. h3 Bf4 43. e6 fxe6 44. Re2 e5 45. Ne3 Bxe3 46.
Rxe3 e4 47. Bc2 Kf6 48. Kh2 Ke5 49. Kg3 Rf7 50. Bd1 Rf4 51. Bg4 Rf1 52. Re2 Rd1
53. Rxe4+ Kxe4 54. Bxd1 Bc8 55. Bc2+ Ke3 56. Bxg6 Kd2 57. h4 gxh4+ 58. Kxh4 Kc1
59. b3 Kb2 60. Bf7 Kxc3 61. g4 a5 62. g5 Bf5 63. g6 Bxg6 64. Bxg6 Kxb3 65. Kg4
b4 66. Be4 a4 67. Kf5 Kb2 68. Kf6 b3 69. Ke5 a3 70. Kd4 a2 71. Kd3 a1=Q 72. Bb7
Qf1+ 73. Kd2 Qf2+ 74. Kd3 Qg3+ 75. Ke2 Qe5+ 76. Kf2 Qc5+ 77. Kg2 Qc2+ 78. Kf3
Qf5+ 79. Kg3 Qg6+ 80. Kh4 Qh7+ 81. Kg5 Qxb7 82. Kg6 Kc2 83. Kf6 b2 84. Kg6 b1=Q
85. Kf6 Q1b5 86. Kg6 Qe5 87. Kh6 Qbg7# 0-1

[Event "ICS Rated blitz match"]
[Site "207.99.83.227"]
[Date "1999.04.13"]
[Round "?"]
[White "TDChess"]
[Black "Hossa"]
[Result "1-0"]
[WhiteElo "2602"]
[BlackElo "2455"]
[Annotator "Crafty v16.6"]
[PlyCount "81"]

{annotating for player Hossa using a scoring margin of +0.10 pawns. search
time limit is 20.00} 1. d4 1... Nf6 2. Nf3 e6 3. e3 Be7 4. Bd3 O-O 5. c4 d6 6.
O-O Nc6 7. Qb3 e5 8. Nc3 Bg4 ({9:-0.12} 8... Bg4 9. Qxb7 Bxf3 10. gxf3 exd4 11.
Qxc6 dxc3 12. bxc3 Rb8 13. Bf5 $10) ({9:+0.14} 8... exd4 9. Nxd4 Ne5 10. Be2
Re8 11. Qc2 Bg4 12. Bxg4 Nfxg4 13. Qf5 13... Bh4 $10) 9. Qxb7 Bxf3 10. d5 Na5 (
{10:-0.25} 10... Na5 11. Qa6 e4 12. Bc2 Qc8 13. Qxc8 Raxc8 14. gxf3 exf3 15.
Bf5 15... Rce8 $10) ({10:-0.11} 10... e4 11. Qxc6 Bxg2 12. Kxg2 exd3 13. Rd1
Qc8 14. Rxd3 Qf5 15. Rd4 $10) 11. Qa6 Bxg2 ({10:-0.33} 11... Bxg2 12. Kxg2 Qc8
13. Qxc8 Raxc8 14. b4 e4 15. Be2 Nb7 16. f3 exf3+ 17. Bxf3 17... Rce8 $14) ({
10:-0.19} 11... e4 12. Bc2 Qc8 13. Qxc8 Raxc8 14. gxf3 exf3 15. Bf5 Rb8 16. b3
16... Rfe8 $10) 12. Kxg2 c5 13. Bd2 Qb6 14. Qb5 Rab8 15. Qxb6 Rxb6 ({10:-0.53} 
15... Rxb6 16. Nb5 Nb7 17. Nxa7 e4 18. Nc6 Bd8 19. Nxd8 Nxd8 20. Ba5 20... Rxb2
$14) ({10:-0.16} 15... axb6 16. f3 Ra8 17. Ne4 Nd7 18. h3 Rfb8 19. Rad1 19...
Rd8 $10) 16. Nb5 Nb7 17. a4 Nd8 ({10:-0.71} 17... Nd8 18. Nxa7 Rxb2 19. Nc8
Rxd2 20. Nxe7+ Kh8 21. Rfd1 Rb2 22. Rdb1 Rd2 23. Bf5 $16) ({10:-0.39} 17... e4
18. Bc2 Bd8 19. Rac1 a5 20. h4 Re8 21. Bd1 Re5 22. Kh1 $14) 18. a5 Rb7 ({
11:-1.32} 18... Rb7 19. a6 Rb8 20. Nxa7 Rxb2 21. Nc8 Nc6 22. Nxe7+ Nxe7 23. a7
Ra8 24. Rfb1 Rxb1 25. Bxb1 25... Kf8 $16) ({11:-1.05} 18... Rb8 19. Nxa7 Rxb2
20. Bc1 Rb8 21. Bf5 Rb4 22. Nc8 Re8 23. Nxe7+ Rxe7 24. Bd3 24... Ng4 $16) 19.
a6 Rb8 ({11:-2.26} 19... Rb8 20. Nxa7 Ne8 21. Nb5 Bh4 22. Bc3 Bg5 23. Bf5 g6
24. Be4 24... Bh4 $18) ({11:-1.83} 19... Rxb5 20. cxb5 Nxd5 21. Ba5 Ne6 22. Bc4
Nf6 23. Bxe6 fxe6 24. b6 axb6 25. Bxb6 25... Kf7 $18) 20. Ba5 e4 ({9:-1.04} 
20... e4 21. Bb1 Nxd5 22. Nxa7 Nf6 23. Bxd8 Bxd8 24. Nc6 Ra8 25. Nxd8 25...
Rfxd8 $16) ({9:-0.75} 20... Ra8 21. Bf5 g6 22. Bh3 Ne4 23. f3 Ng5 24. Bd7 24...
e4 $16) 21. Be2 Kh8 ({11:-2.36} 21... Kh8 22. Bc7 Rc8 23. Bxd6 Bxd6 24. Nxd6
Rb8 25. Rfb1 h5 26. Nb5 Ra8 27. Rd1 $18) ({11:-0.87} 21... Ra8 22. f3 exf3+ 23.
Bxf3 Ne8 24. b4 cxb4 25. Bxb4 Rc8 26. Nxa7 Rxc4 27. Ba5 Bf6 28. Rfc1 $16) 22.
Bc7 Rxb5 ({12:-3.07} 22... Rxb5 23. cxb5 Nxd5 24. Bb8 Nc6 25. Bxd6 Ncb4 26.
Bxe7 Nxe7 27. Rfd1 Ned5 28. Rac1 28... Rc8 $18) ({12:-2.58} 22... Rc8 23. Bxd6
Bxd6 24. Nxd6 Rc7 25. f3 exf3+ 26. Bxf3 Re7 27. Kf2 h6 28. Rad1 Re5 29. h4
29... g6 $18) 23. cxb5 Nxd5 24. Bb8 Ne6 ({11:-3.79} 24... Ne6 25. Bxa7 Nb4 26.
Rfd1 d5 27. b6 Bf6 28. b7 Bxb2 29. Rab1 Nxa6 30. Rxb2 $18) ({11:-2.55} 24...
Nc6 25. Bxd6 Bxd6 26. bxc6 Nb4 27. Ra4 Nxc6 28. Rxe4 f5 29. Re6 29... Rd8 $18)
25. Bxa7 Nef4+ 26. exf4 Nxf4+ 27. Kh1 Nxe2 28. b6 d5 ({9:-5.28} 28... d5 29. b7
Bd6 30. Bb6 Bb8 31. a7 Bxa7 32. Bxa7 d4 33. b8=Q Rxb8 34. Bxb8 $18) ({9:-4.81} 
28... Nd4 29. Bb8 Rxb8 30. a7 Rd8 31. a8=Q d5 32. Qb7 Nf5 33. Ra7 $18) 29. Bb8
Rxb8 30. a7 Rd8 31. a8=Q Nd4 32. Ra6 f5 33. b7 Kg8 34. Qxd8+ Bxd8 35. b8=Q Ne6
36. Rxe6 Kf7 37. Qc8 Be7 38. Qd7 Kg8 39. Qxe7 g6 40. Rd6 Kh8 41. Rd8# 1-0

[Event "ICS Rated blitz match"]
[Site "207.99.83.227"]
[Date "1999.04.13"]
[Round "?"]
[White "TDChess"]
[Black "Hossa"]
[Result "1-0"]
[WhiteElo "2622"]
[BlackElo "2441"]
[Annotator "Crafty v16.6"]
[PlyCount "115"]

{annotating for player Hossa using a scoring margin of +0.10 pawns. search
time limit is 20.00} 1. d4 1... Nf6 2. Nf3 e6 3. e3 Be7 4. Bd3 O-O 5. c4 d6 6.
O-O Nc6 7. Qb3 e5 8. Nc3 exd4 9. exd4 Bg4 10. Qxb7 Bxf3 11. gxf3 Nxd4 12. Nb5
Nxb5 ({9:+0.57} 12... Nxb5 13. Qxb5 c5 14. Qc6 Re8 15. Bf5 Rb8 16. Re1 d5 17.
cxd5 17... Nxd5 $15) ({9:+0.76} 12... Ne6 13. Be4 Nxe4 14. fxe4 Bg5 15. Bxg5
Qxg5+ 16. Kh1 Qe5 17. Kg1 Rfb8 18. Qc6 $17) 13. Qxb5 Qd7 ({10:+0.27} 13... Qd7
14. Qf5 Qxf5 15. Bxf5 Rfe8 16. Re1 Rab8 17. b3 g6 18. Bg4 18... a5 $10) ({
10:+0.61} 13... c5 14. Re1 Rb8 15. Qc6 Rb6 16. Qa4 a6 17. Bf5 d5 18. Qc2 $15)
14. Qa5 Kh8 ({8:+0.25} 14... Kh8 15. Qf5 Rab8 16. Re1 Rfe8 17. Qxd7 Nxd7 18.
Bf5 18... Nc5 $10) ({8:+0.78} 14... d5 15. Bg5 c6 16. Rae1 Rae8 17. Qd2 Qh3 18.
Qf4 $17) 15. Re1 Rfe8 ({8:+0.20} 15... Rfe8 16. Qf5 Rab8 17. b3 Qxf5 18. Bxf5
g6 19. Be4 19... Bf8 $10) ({8:+0.45} 15... d5 16. Bg5 Rfb8 17. Bxf6 Bb4 18.
Qxd5 Qxd5 19. cxd5 Bxe1 20. Rxe1 20... gxf6 $15) 16. Bc2 c6 17. Bf4 Rab8 ({
8:-0.15} 17... Rab8 18. Bf5 Qd8 19. Qxd8 Rbxd8 20. Re2 Nh5 21. Rae1 Nxf4 22.
Rxe7 $10) ({8:+0.31} 17... d5 18. Rad1 Qb7 19. Qc3 Bb4 20. Rxe8+ Rxe8 21. Qd3
Qd7 22. Qd4 $15) 18. Rab1 Rf8 19. Red1 Rb7 ({9:-0.65} 19... Rb7 20. Bf5 Qd8 21.
Qa6 Rb4 22. Qxc6 Rb6 23. Qa4 23... Nh5 $14) ({9:+0.16} 19... c5 20. Qa4 Qc7 21.
Qa3 Rb6 22. Qe3 Nh5 23. Bf5 Nxf4 24. Qxf4 $10) 20. Bf5 Qd8 21. Qa6 Rb6 ({
10:-1.00} 21... Rb6 22. Qxa7 Rb4 23. b3 c5 24. Be3 Qe8 25. a3 Rb8 26. Qc7 $16)
({10:-0.78} 21... Qb6 22. Qxb6 axb6 23. Bxd6 Ra7 24. Be4 Bxd6 25. Rxd6 Rxa2 26.
Rxc6 Nd7 27. Rc7 $16) 22. Qxa7 Rb4 23. b3 Rb8 24. Re1 Re8 25. Rbd1 Ra8 26. Qb7
Rxa2 ({9:-1.36} 26... Rxa2 27. Qxc6 Ra5 28. Be5 Bf8 29. f4 Kg8 30. Rf1 Rc5 31.
Bxf6 Rxc6 32. Bxd8 32... Rxd8 $16) ({9:-1.12} 26... c5 27. Re2 Bf8 28. Red2 Nh5
29. Bxd6 Bxd6 30. Rxd6 Qg5+ 31. Bg4 31... Kg8 $16) 27. Qxc6 Qa8 ({9:-1.81} 
27... Qa8 28. Qxa8 Raxa8 29. Ra1 Rxa1 30. Rxa1 g6 31. Be4 Kg7 32. Ra7 32... h6
$18) ({9:-1.49} 27... Ra5 28. Be5 Rc5 29. Qxc5 dxc5 30. Rxd8 Rxd8 31. Re2 31...
Kg8 $16) 28. Qxa8 Raxa8 29. Re3 Rad8 30. b4 d5 31. c5 g6 32. Bc2 d4 33. Re2 Bf8
34. Red2 Bg7 35. Be3 Rb8 36. Rxd4 Bf8 37. Ba4 Rec8 38. Bf4 Rb7 39. Be5 Kg7 40.
Bd7 Rcc7 41. c6 Ra7 42. b5 Bc5 43. Rf4 Ra2 44. Bxf6+ Kg8 45. Re4 Ra8 46. Rde1
Rf8 47. Re8 h5 48. Rxf8+ Bxf8 49. b6 Rxc6 50. Bxc6 Kh7 51. Re8 Bg7 52. Bxg7
Kxg7 53. b7 Kh7 54. b8=Q Kg7 55. Qe5+ f6 56. Re7+ Kf8 57. Qxf6+ Kg8 58. Qg7#
1-0